书目信息 |
| 题名: |
国际图联(IFLA)与中国图书馆事业
|
|
| 作者: | 丘东江 编著 | |
| 分册: | 下 | |
| 出版信息: | 北京 华艺出版社 2002 |
|
| 页数: | 241页 | |
| 开本: | 21cm | |
| 丛书名: | 二十一世纪图书馆学丛书 | |
| 单 册: | ||
| 中图分类: | G259.2 , G259.13 | |
| 科图分类: | ||
| 主题词: | CT--S075612--图书馆事业 | |
| 电子资源: | ||
| ISBN: | 7-80142-376-3 | |
| 000 | 01534nam0 2200445 450 | |
| 000 | 01497nam0 2200433 450 | |
| 000 | 01480nam0 2200433 450 | |
| 000 | 01426nam0 2200409 450 | |
| 000 | 01389nam0 2200397 450 | |
| 000 | 01355nam0 2200385 450 | |
| 000 | 01317nam0 2200373 450 | |
| 000 | 01312nam0 2200385 450 | |
| 000 | 01258nam0 2200361 450 | |
| 000 | 01188nam0 2200337 450 | |
| 000 | 01151nam0 2200325 450 | |
| 000 | 01113oam2 2200313 45 | |
| 001 | 012002022945 | |
| 005 | 20070730090406.21 | |
| 010 | @a7-80142-376-3@dCNY45.80(上下册) | |
| 035 | @a(011001)c2002015407 | |
| 100 | @a20020312d2002 em y0chiy0110 ea | |
| 101 | 0 | @achi |
| 102 | @aCN@b110000 | |
| 105 | @ay z 000yy | |
| 200 | 1 | @a国际图联(IFLA)与中国图书馆事业@9guo ji tu lian (IFLA) yu zhong guo tu shu guan shi ye@h下@f丘东江等编著 |
| 210 | @a北京@c华艺出版社@d2002 | |
| 215 | @a241页@d21cm | |
| 225 | 2 | @a二十一世纪图书馆学丛书 |
| 330 | @a本书介绍了国际图联(IFLA)的情况,作者指出:国际图联的发展促进了中国图书馆事业的发展,中国图书馆事业的发展为世界图书馆事业作出了应有的贡献。 | |
| 461 | 0 | @12001 @a二十一世纪图书馆学丛书 |
| 510 | 1 | @aIFLA and Librarianship in China@zeng |
| 601 | 02 | @2CT@3S029070@a国际图书馆协会联合会 |
| 601 | 02 | @a国际图书馆协会联合会@x关系@x图书馆事业@y中国 |
| 606 | 0 | @2CT@3S075612@a图书馆事业 |
| 690 | @aG259.2@v4 | |
| 690 | @aG259.13@v4 | |
| 701 | 0 | @a丘东江@9qiu dong jiang@4编著 |
| 801 | 0 | @aCN@bTSSF@c20070730 |
| 905 | @a10447@dG259.13@e28:2 | |
| 国际图联(IFLA)与中国图书馆事业.下/丘东江等编著.-北京:华艺出版社,2002 |
| 241页;21cm.-(二十一世纪图书馆学丛书) |
| ISBN 7-80142-376-3:CNY45.80(上下册) |
| 本书介绍了国际图联(IFLA)的情况,作者指出:国际图联的发展促进了中国图书馆事业的发展,中国图书馆事业的发展为世界图书馆事业作出了应有的贡献。 |
| ● |
| 相关链接 |
|
|
|
|
正题名:国际图联(IFLA)与中国图书馆事业
索取号:G259.13/28:2
 
预约/预借
| 序号 | 登录号 | 条形码 | 馆藏地/架位号 | 状态 | 备注 |
| 1 | 0784175 | 207841754 | 第一样本阅览室/ [索取号:G259.13/28:2] | 在馆 | |
| 2 | 0785064 | 207850645 | 第四借阅区/ [索取号:G259.13/28:2] | 在馆 |